003500000a220010900045001000016000002450060000163000036000767730013001129420008001259520090001339990017002231 aBrandt, Don10aWill earth have enough to drink in the next millennium? aNúm 60 (1998), Páginas 9-110 tTogether cANA 001040708HEMaFUSBCbFUSBCd2016-01-26l0o r2016-01-26 00:00:00w2016-01-26yANA c57113d57113